| 000 | 00344nam a2200133Ia 4500 | ||
|---|---|---|---|
| 005 | 20260328101529.0 | ||
| 008 | 260328s9999||||xx |||||||||||||| ||und|| | ||
| 100 | _aLewis, David | ||
| 245 | 0 |
_aLa Ciudad : _b Problema de Diseño y Estructura / _cDavid Lewis |
|
| 260 | _bGustavo Gili | ||
| 300 | _a285 p. | ||
| 650 | _aDISEÑO URBANO | ||
| 942 | _cBK | ||
| 999 |
_c9893 _d9893 |
||